| 000 | 00885nam a2200229 a 4500 | ||
|---|---|---|---|
| 001 | 000190506 | ||
| 003 | AM-YeHGA | ||
| 005 | 20250617153140.0 | ||
| 008 | 030329s1979 ||||| |||||||||||||rus|c | ||
| 040 | _aAM-YeHGA | ||
| 100 | 1 | _aБерман, Р. | |
| 245 | 1 | 0 |
_aТеплопроводность твердых тел / _cР. Берман ; Пер. с англ. Л.Г. Асламазова ; Под ред. В.З. Кресин. |
| 260 |
_aМосква : _bМир, _c1979. |
||
| 300 | _a286 с. | ||
| 504 | _aБиблиогр. 275 назв. | ||
| 534 |
_PОригинал на англ. : _iConduction of Heat in Solids / _aR. Berman - _cOxford : Clarendon Press : 1976 |
||
| 650 | 1 | 4 | _aТеплопроводность |
| 653 | 2 | _aмонография | |
| 700 | 1 |
_aАсламазов, Л.Г. _eпер. _4trl |
|
| 700 | 1 |
_aКресин, В.З. _eред. _4edt |
|
| 090 | _c387199 | ||
| 999 |
_c385228 _d385228 |
||